| 000 | 00712nam a2200217 a 4500 | ||
|---|---|---|---|
| 005 | 20210223130609.0 | ||
| 008 | 080821s1983 mx r 000 0 spa d | ||
| 035 | _aUPN01000159410 | ||
| 049 | _aUNE | ||
| 080 | _a341.1: 613.2 (100)=20 1963-83 ING. | ||
| 100 | 1 | _aIngram, James C. | |
| 245 | 1 | 0 |
_aTwenty years of WFP assistance to education and related fields, 1963-1983 / _cbyJames C. Ingram. |
| 260 |
_aParÃs : _bUNESCO ; _aNew York : _bUNICEF, _c1983. |
||
| 300 | _a6 p. | ||
| 440 | 0 |
_aNotes, comments... ; _v138 |
|
| 690 | _aAsistencia escolar - Comidas escolares | ||
| 690 | _aAyuda internacional - PMA | ||
| 710 | 2 |
_aUNICEF _924085 |
|
| 710 | 2 | _aPrograma de Alimentación Mundial | |
| 905 | _aUNESCO | ||
| 999 |
_c131524 _d131524 |
||